[Event "Chess24 Banter Blitz Cup"]
[Site "chess24.com INT"]
[Date "2019.11.21"]
[Round "1.9"]
[White "Mamedov, Rauf"]
[Black "Chandra, Akshat"]
[Result "1-0"]
[WhiteTitle "GM"]
[BlackTitle "GM"]
[WhiteElo "2645"]
[BlackElo "2513"]
[WhiteFideId "13401653"]
[BlackFideId "25006711"]
[EventDate "2019.09.25"]
[EventType "blitz"]

1. e4 c5 2. c3 Nf6 3. e5 Nd5 4. Nf3 e6 5. Bc4 d6 6. d4 cxd4 7. cxd4 Be7 8. O-O
O-O 9. Qe2 b6 10. exd6 Qxd6 11. Nc3 Nxc3 12. bxc3 Bb7 13. Bd3 Nd7 14. Be3 Rac8
15. Rac1 Rfe8 16. Rfe1 g6 17. h4 Bf6 18. h5 Qd5 19. hxg6 hxg6 20. Ba6 Bxa6 21.
Qxa6 b5 22. a4 bxa4 23. Qxa4 a5 24. c4 Qa8 25. c5 Nb8 26. Nd2 Qd5 27. Nc4 Rcd8
28. Nd6 Rf8 29. Nc4 Bxd4 30. Nb6 Qc6 31. Qxa5 Bxe3 32. Rxe3 Rd4 33. Nc4 Qd5 34.
Re5 Rxc4 35. Rxd5 Rxc1+ 36. Kh2 exd5 37. Qb5 Rc8 38. c6 R1xc6 39. Qxd5 Rf6 40.
f3 Re6 41. Qb7 Rce8 42. Qc7 Nc6 43. Qd7 Ne5 44. Qd5 R6e7 45. Qd6 Nd7 46. Qd5 Nf8
47. Qd4 Ne6 48. Qf6 Ng7 49. Qc3 Re6 50. Qd4 Nf5 51. Qa4 Ne3 52. Kg3 Re4 53. fxe4 1-0

[Event "Chess24 Banter Blitz Cup"]
[Site "chess24.com INT"]
[Date "2019.11.21"]
[Round "1.10"]
[White "Chandra, Akshat"]
[Black "Mamedov, Rauf"]
[Result "0-1"]
[WhiteTitle "GM"]
[BlackTitle "GM"]
[WhiteElo "2513"]
[BlackElo "2645"]
[WhiteFideId "25006711"]
[BlackFideId "13401653"]
[EventDate "2019.09.25"]
[EventType "blitz"]

1. Nf3 Nf6 2. g3 g6 3. b3 Bg7 4. Bb2 O-O 5. Bg2 d6 6. d4 a5 7. a4 Nc6 8. O-O Bf5
9. Na3 Qd7 10. Nc4 Bh3 11. Re1 Bxg2 12. Kxg2 Nb4 13. e4 e6 14. c3 Nc6 15. Qc2 b6
16. Rad1 Ne7 17. e5 Nfd5 18. Ba3 Nc8 19. h4 h6 20. h5 g5 21. Nh2 Rd8 22. Ng4 b5
23. axb5 Qxb5 24. Nce3 Nxe3+ 25. Rxe3 Ne7 26. c4 Qb7+ 27. Kh2 Nf5 28. Red3 dxe5
29. dxe5 Rxd3 30. Rxd3 a4 31. bxa4 Qc6 32. Nf6+ Kh8 33. a5 Bxf6 34. exf6 Rxa5
35. Rd8+ Kh7 36. Bf8 Ra1 37. Rd5 Qa8 38. g4 Ra2 39. Qe4 Qxf8 40. Kg1 Ra1+ 41.
Kg2 exd5 42. Qxf5+ Kg8 43. Qxd5 Ra8 44. Qf5 Re8 45. Qf3 Re6 46. Qg3 Qd8 47. c5
Rxf6 48. c6 Rf4 49. f3 Qd5 50. Kh2 Qxc6 51. Qg2 Qf6 52. Kg3 Qe6 53. Qf2 Qe5 54.
Kg2 Qd5 55. Qg3 Rd4 56. Qf2 Rd2 57. Kg3 Rxf2 58. Kxf2 Qd4+ 59. Kg3 Qf4+ 0-1

[Event "Chess24 Banter Blitz Cup"]
[Site "chess24.com INT"]
[Date "2019.11.21"]
[Round "1.11"]
[White "Mamedov, Rauf"]
[Black "Chandra, Akshat"]
[Result "1-0"]
[WhiteTitle "GM"]
[BlackTitle "GM"]
[WhiteElo "2645"]
[BlackElo "2513"]
[WhiteFideId "13401653"]
[BlackFideId "25006711"]
[EventDate "2019.09.25"]
[EventType "blitz"]

1. e4 e5 2. Bc4 Nf6 3. d3 Nc6 4. Nf3 Bc5 5. c3 d6 6. O-O O-O 7. Nbd2 a5 8. a4 h6
9. Re1 Be6 10. Bb5 Ne7 11. d4 exd4 12. cxd4 Ba7 13. Nf1 d5 14. e5 Ne4 15. Bd3 c5
16. Ng3 cxd4 17. Nxe4 dxe4 18. Bxe4 Nc6 19. Bd2 Re8 20. Rc1 Bd5 21. Qe2 Qd7 22.
Qb5 Bxe4 23. Rxe4 Re6 24. h3 d3 25. Rd1 Rd8 26. Bc3 Qd5 27. Rc4 Rd7 28. Kf1 Kh7
29. b3 Kg8 30. Bb2 Kh7 31. Rcc1 Kh8 32. Bc3 Kg8 33. Rd2 Qe4 34. Re1 Qd5 35. Red1
Qe4 36. Rxd3 Rxd3 37. Qxd3 Qxd3+ 38. Rxd3 Bc5 39. Rd7 b6 40. Rc7 Kf8 41. Ke2 Ke8
42. Rc8+ Kd7 43. Rg8 Ne7 44. Rxg7 Ke8 45. Rh7 Nd5 46. Bd2 Ne7 47. Rxh6 Rxh6 48.
Bxh6 Ng6 49. Kd3 Kd7 50. Ke4 Ke6 51. Ng5+ Ke7 52. f4 Nf8 53. Bxf8+ Kxf8 54. f5 1-0

[Event "Chess24 Banter Blitz Cup"]
[Site "chess24.com INT"]
[Date "2019.11.21"]
[Round "1.12"]
[White "Chandra, Akshat"]
[Black "Mamedov, Rauf"]
[Result "0-1"]
[WhiteTitle "GM"]
[BlackTitle "GM"]
[WhiteElo "2513"]
[BlackElo "2645"]
[WhiteFideId "25006711"]
[BlackFideId "13401653"]
[EventDate "2019.09.25"]
[EventType "blitz"]

1. e4 c5 2. Nf3 Nc6 3. Bb5 g6 4. Bxc6 dxc6 5. d3 Bg7 6. h3 Nf6 7. O-O Nd7 8. Re1
e5 9. a3 a5 10. Be3 b6 11. Nc3 O-O 12. Qd2 Re8 13. Bh6 Bh8 14. Nh2 Nf8 15. f4
exf4 16. Bxf4 Ne6 17. Be3 Nd4 18. Rf1 Be6 19. Kh1 b5 20. Rae1 Qd7 21. Bg5 a4 22.
e5 Bf5 23. g4 Be6 24. Ne4 Bd5 25. Bf6 Bxe4+ 26. Rxe4 Bxf6 27. Rxf6 Qd5 28. Rd6
Qa2 29. c3 Ne6 30. g5 Red8 31. Ng4 Rxd6 32. exd6 Rd8 33. d7 Kg7 34. Nf6 h6 35.
Ne8+ Kh8 36. Qf2 Rxd7 37. gxh6 Qd5 38. Qf6+ Kh7 39. Qf3 Qxd3 40. Nf6+ Kxh6 41.
Rh4+ Kg7 42. Rh7+ Kf8 43. Rh8+ Kg7 44. Rg8+ Kh6 45. Ng4+ Kh7 46. Nf6+ Kh6 47.
Qxd3 Rxd3 48. Ng4+ Kg5 49. Rc8 Kf4 50. Kh2 Rd2+ 51. Kg1 Kf3 52. Nf6 Nf4 53. Re8
Nxh3+ 54. Kh1 Nf2+ 55. Kh2 Ng4+ 56. Kh3 Rh2# 0-1

[Event "Chess24 Banter Blitz Cup"]
[Site "chess24.com INT"]
[Date "2019.11.21"]
[Round "1.1"]
[White "Theodorou, Nikolas"]
[Black "Bok, Benjamin"]
[Result "1/2-1/2"]
[WhiteTitle "IM"]
[BlackTitle "GM"]
[WhiteElo "2541"]
[BlackElo "2640"]
[WhiteFideId "4262875"]
[BlackFideId "1017063"]
[EventDate "2019.09.25"]
[EventType "blitz"]

1. d4 Nf6 2. c4 e6 3. g3 Bb4+ 4. Nd2 d5 5. Bg2 O-O 6. Nf3 dxc4 7. O-O b5 8. a4
c6 9. Qc2 Bb7 10. b3 cxb3 11. Nxb3 Nbd7 12. a5 Rc8 13. a6 Ba8 14. Rd1 Qe7 15.
Ne5 Nxe5 16. dxe5 Nd7 17. Bf4 c5 18. Bxa8 Rxa8 19. Qe4 Nb6 20. Qb7 Rfe8 21. Be3
Nc4 22. Qxe7 Rxe7 23. Bxc5 Bxc5 24. Nxc5 Rc7 25. Nb7 Nxe5 26. Rab1 g6 27. Rxb5
Rd7 28. Rxd7 Nxd7 29. Na5 Rb8 30. Rb7 Rxb7 31. Nxb7 Kf8 32. e4 Ke7 33. f4 Nb8
34. Na5 Kd7 35. Nc4 f6 36. e5 fxe5 37. Nxe5+ Kc7 38. Nf7 Nxa6 39. Ng5 Nc5 40.
Nxh7 a5 41. Ng5 a4 42. Nf3 a3 43. Nd4 a2 44. Nc2 Kd6 45. h4 Nb3 46. g4 a1=Q+ 47.
Nxa1 Nxa1 48. Kf2 Nb3 49. Ke3 Nc5 50. Kd4 Nd7 51. h5 gxh5 52. gxh5 Nf6 53. h6
Nh7 54. Ke4 Nf6+ 55. Kd4 Nh7 56. Ke4 Nf8 57. Kd4 Ke7 58. f5 exf5 59. Ke5 Kf7 60.
Kxf5 Nh7 61. Kf4 Kg6 62. Kf3 Kf6 63. Ke3 Kg6 64. Kd3 Kg5 65. Kc3 Kf6 1/2-1/2

[Event "Chess24 Banter Blitz Cup"]
[Site "chess24.com INT"]
[Date "2019.11.21"]
[Round "1.2"]
[White "Bok, Benjamin"]
[Black "Theodorou, Nikolas"]
[Result "1-0"]
[WhiteTitle "GM"]
[BlackTitle "IM"]
[WhiteElo "2640"]
[BlackElo "2541"]
[WhiteFideId "1017063"]
[BlackFideId "4262875"]
[EventDate "2019.09.25"]
[EventType "blitz"]

1. Nf3 Nf6 2. c4 g6 3. g3 Bg7 4. Bg2 O-O 5. O-O d6 6. Nc3 Nc6 7. d4 e5 8. dxe5
Nxe5 9. Nxe5 dxe5 10. Bg5 Qxd1 11. Rfxd1 c6 12. Rac1 Be6 13. b3 h6 14. Be3 Nd7
15. Ne4 Rfd8 16. Nd6 Rdb8 17. Nxb7 Rxb7 18. Bxc6 Rab8 19. Bxb7 Rxb7 20. Rd2 Rc7
21. Rcd1 Bf8 22. Kg2 f5 23. f3 Kf7 24. Bf2 g5 25. Rc2 h5 26. c5 g4 27. b4 a6 28.
Rdc1 Nf6 29. a4 gxf3+ 30. exf3 e4 31. b5 axb5 32. axb5 Nd5 33. b6 Re7 34. c6 e3
35. b7 exf2 36. b8=Q f1=Q+ 37. Kxf1 Ne3+ 38. Kf2 Nxc2 39. Rxc2 Bg7 40. c7 Bd4+
41. Kg2 h4 42. c8=Q h3+ 43. Kxh3 1-0

[Event "Chess24 Banter Blitz Cup"]
[Site "chess24.com INT"]
[Date "2019.11.21"]
[Round "1.3"]
[White "Theodorou, Nikolas"]
[Black "Bok, Benjamin"]
[Result "1-0"]
[WhiteTitle "IM"]
[BlackTitle "GM"]
[WhiteElo "2541"]
[BlackElo "2640"]
[WhiteFideId "4262875"]
[BlackFideId "1017063"]
[EventDate "2019.09.25"]
[EventType "blitz"]

1. e4 c5 2. Nf3 d6 3. d4 cxd4 4. Nxd4 Nf6 5. Nc3 a6 6. Bg5 Nbd7 7. Qe2 h6 8. Bh4
g6 9. f4 e5 10. fxe5 dxe5 11. Nb3 Qc7 12. Qf3 Bg7 13. Rd1 O-O 14. a4 b6 15. Bd3
Bb7 16. O-O Bc6 17. Kh1 Nh5 18. Bc4 Nf4 19. g3 Ne6 20. Be7 Ng5 21. Bxg5 hxg5 22.
Bxf7+ Kh7 23. Qg2 g4 24. Bd5 Nf6 25. Bxc6 Qxc6 26. Rf2 Rad8 27. Rdf1 b5 28. axb5
axb5 29. h3 gxh3 30. Qxh3+ Kg8 31. Qg2 b4 32. Nd5 Nxd5 33. exd5 Qxd5 34. Rxf8+
Bxf8 35. Re1 Kf7 36. Nc1 Qxg2+ 37. Kxg2 Rd2+ 38. Re2 Rxe2+ 39. Nxe2 Ke6 40. Kf3
Kd5 41. g4 Bh6 42. Ng3 Bc1 43. b3 Kd4 44. Ne2+ Kd5 45. Nxc1 g5 46. Ke3 e4 47.
Ne2 Ke5 48. Ng3 Kd5 49. Nxe4 Ke5 50. Nxg5 Kd5 51. Nf3 Kc5 52. Kd3 Kd5 53. g5 Kc5
54. Ke4 Kc6 55. Kf5 Kd6 56. g6 Kc6 57. g7 Kc5 58. g8=Q Kd6 59. Qc4 Ke7 60. Ne5
Kd6 61. Qc6+ Ke7 62. Qd7+ Kf8 63. Qf7# 1-0

[Event "Chess24 Banter Blitz Cup"]
[Site "chess24.com INT"]
[Date "2019.11.21"]
[Round "1.4"]
[White "Bok, Benjamin"]
[Black "Theodorou, Nikolas"]
[Result "1-0"]
[WhiteTitle "GM"]
[BlackTitle "IM"]
[WhiteElo "2640"]
[BlackElo "2541"]
[WhiteFideId "1017063"]
[BlackFideId "4262875"]
[EventDate "2019.09.25"]
[EventType "blitz"]

1. Nf3 Nf6 2. c4 g6 3. g3 Bg7 4. Bg2 O-O 5. O-O Nc6 6. d4 d5 7. cxd5 Nxd5 8. Nc3
e5 9. Bg5 Nxc3 10. bxc3 f6 11. Bc1 e4 12. Nd2 f5 13. Rb1 Rf7 14. f3 exf3 15.
Nxf3 h6 16. Qb3 Qe8 17. Nh4 Kh7 18. e4 Rf8 19. exf5 gxf5 20. Ba3 Rf6 21. Rbe1
Qh5 22. Bf3 Qg5 23. Re8 Bh8 24. Bd5 f4 25. Be4+ Bf5 26. Bxf5+ Rxf5 27. Rxa8 fxg3
28. Nxf5 gxh2+ 29. Kh1 1-0

[Event "Chess24 Banter Blitz Cup"]
[Site "chess24.com INT"]
[Date "2019.11.21"]
[Round "1.5"]
[White "Theodorou, Nikolas"]
[Black "Bok, Benjamin"]
[Result "1-0"]
[WhiteTitle "IM"]
[BlackTitle "GM"]
[WhiteElo "2541"]
[BlackElo "2640"]
[WhiteFideId "4262875"]
[BlackFideId "1017063"]
[EventDate "2019.09.25"]
[EventType "blitz"]

1. Nc3 d5 2. d4 Nf6 3. Nf3 e6 4. Bg5 Be7 5. Bxf6 Bxf6 6. e4 O-O 7. Bd3 c5 8. e5
Be7 9. h4 h6 10. dxc5 Nd7 11. b4 a5 12. a3 axb4 13. axb4 Rxa1 14. Qxa1 b6 15. c6
Nxe5 16. Nxe5 Bxb4 17. O-O Qxh4 18. Nb5 Bc5 19. Nf3 Qe7 20. Qe5 Ba6 21. Ra1 Bxb5
22. Bxb5 f6 23. Qe2 e5 24. Rd1 e4 25. Rxd5 exf3 26. Qxe7 Bxe7 27. Ba6 Bd8 28.
Rxd8 Rxd8 29. c7 Ra8 30. g3 Kf7 31. c8=Q Rxc8 32. Bxc8 h5 33. Bb7 g6 34. Bxf3
Ke6 35. Kf1 Ke5 36. Ke2 Kd4 37. Kd2 b5 38. c3+ Kc4 39. Be2+ Kc5 40. f4 b4 41.
cxb4+ Kxb4 42. Ke3 Kc5 43. Ke4 Kd6 44. Kd4 Ke6 45. Bd3 g5 46. f5+ Kd6 47. Ke4
Kc5 48. Be2 Kd6 49. Bxh5 Kc5 50. Bg6 Kd6 51. Kf3 Ke7 52. Kg4 Kf8 53. Kh5 Kg7 54.
Be8 Kf8 55. Bb5 Kg7 56. Bc4 Kh7 57. Bd5 Kg7 58. Kg4 Kh7 59. Be6 Kg7 60. Kf3 Kh7
61. g4 Kg7 62. Ke4 Kh7 63. Kd5 Kg7 64. Kd6 Kf8 65. Bd5 Ke8 66. Bf3 Kf8 67. Ke6
Kg7 68. Ke7 Kg8 69. Kxf6 Kf8 70. Kxg5 1-0

[Event "Chess24 Banter Blitz Cup"]
[Site "chess24.com INT"]
[Date "2019.11.21"]
[Round "1.6"]
[White "Bok, Benjamin"]
[Black "Theodorou, Nikolas"]
[Result "1-0"]
[WhiteTitle "GM"]
[BlackTitle "IM"]
[WhiteElo "2640"]
[BlackElo "2541"]
[WhiteFideId "1017063"]
[BlackFideId "4262875"]
[EventDate "2019.09.25"]
[EventType "blitz"]

1. Nf3 Nf6 2. c4 g6 3. g3 Bg7 4. Bg2 O-O 5. O-O d6 6. Nc3 Nc6 7. d4 e5 8. dxe5
Nxe5 9. Nxe5 dxe5 10. Qxd8 Rxd8 11. Bg5 Rd7 12. Rfd1 c6 13. h3 Rxd1+ 14. Rxd1
Be6 15. b3 Nd7 16. Ne4 a5 17. Be3 a4 18. Ng5 Nf8 19. Nxe6 Nxe6 20. Rd7 axb3 21.
axb3 Nd4 22. Bxd4 exd4 23. Rxb7 Ra1+ 24. Kh2 Ra2 25. Rb8+ Bf8 26. Re8 c5 27. Bc6
Kg7 28. Kg2 Bd6 29. Rd8 Be7 30. Rd7 Kf6 31. Kf3 Rb2 32. Rb7 h5 33. Bd5 g5 34. g4
hxg4+ 35. hxg4 Rc2 36. Be4 Rc3+ 37. Bd3 Rc1 38. Ke4 Ra1 39. Kd5 Ra6 40. Ke4 Re6+
41. Kf3 Bd8 42. b4 Rb6 43. Rd7 Be7 44. b5 Bd6 45. Be4 Ke6 46. Bc6 f6 47. Ke4 Bf4
48. Ra7 Rb8 49. Bd5+ Kd6 50. Rf7 Be5 51. f3 Rh8 52. b6 Rh2 53. Kd3 Rh1 54. b7
Rb1 55. Ke4 Rb2 56. Kf5 d3 57. exd3 Bd4 58. Rf8 Rxb7 59. Bxb7 1-0

[Event "Chess24 Banter Blitz Cup"]
[Site "chess24.com INT"]
[Date "2019.11.21"]
[Round "1.7"]
[White "Theodorou, Nikolas"]
[Black "Bok, Benjamin"]
[Result "0-1"]
[WhiteTitle "IM"]
[BlackTitle "GM"]
[WhiteElo "2541"]
[BlackElo "2640"]
[WhiteFideId "4262875"]
[BlackFideId "1017063"]
[EventDate "2019.09.25"]
[EventType "blitz"]

1. e4 e5 2. Nf3 Nc6 3. Nc3 Nf6 4. Bb5 Bb4 5. O-O O-O 6. d3 Bxc3 7. bxc3 d6 8.
Bg5 h6 9. Bh4 a6 10. Ba4 Bd7 11. Bb3 Na5 12. Nd2 c5 13. f3 b5 14. Bd5 Rc8 15.
Qe1 g5 16. Bf2 Nxd5 17. exd5 f5 18. h4 Qf6 19. Nb3 Nb7 20. Rc1 a5 21. d4 exd4
22. cxd4 Rfe8 23. Qd1 c4 24. Nd2 c3 25. hxg5 hxg5 26. Nb1 b4 27. Re1 Bb5 28. a3
Rxe1+ 29. Qxe1 Re8 30. Qd1 Qf7 31. axb4 axb4 32. f4 g4 33. Nxc3 bxc3 34. Rb1
Qxd5 35. Rb3 Bc6 36. Qf1 Na5 37. Rxc3 Re4 38. Ra3 Nc4 39. Ra7 Nd2 40. c4 Qxc4
41. Qa1 Qd5 42. Qa6 Re1+ 43. Qf1 Rxf1+ 0-1

[Event "Chess24 Banter Blitz Cup"]
[Site "chess24.com INT"]
[Date "2019.11.21"]
[Round "1.8"]
[White "Bok, Benjamin"]
[Black "Theodorou, Nikolas"]
[Result "1-0"]
[WhiteTitle "GM"]
[BlackTitle "IM"]
[WhiteElo "2640"]
[BlackElo "2541"]
[WhiteFideId "1017063"]
[BlackFideId "4262875"]
[EventDate "2019.09.25"]
[EventType "blitz"]

1. Nf3 b6 2. g3 Bb7 3. Bg2 h5 4. c4 Nf6 5. Nc3 g6 6. d4 e6 7. O-O h4 8. Nxh4
Bxg2 9. Kxg2 Nc6 10. Nf3 d5 11. Bg5 Be7 12. Qa4 Qd7 13. Ne5 Nxe5 14. dxe5 Qxa4
15. Nxa4 Ng4 16. Bxe7 Kxe7 17. h3 Nxe5 18. cxd5 exd5 19. Rac1 c5 20. e3 Rhd8 21.
Rfd1 Rac8 22. Nc3 Ke6 23. Ne2 g5 24. g4 Ng6 25. f4 Kf6 26. Nc3 Ne7 27. fxg5+
Kxg5 28. Rd2 f5 29. Rcd1 fxg4 30. Nxd5 Nf5 31. hxg4 Nd4 32. Ne7 Rc7 33. exd4
Rxe7 34. dxc5 Rxd2+ 35. Rxd2 Kxg4 36. cxb6 axb6 37. Kf2 Kf4 38. Rd3 Rh7 39. Ke1
Ke4 40. Rb3 Rh2 41. Rxb6 Ke3 42. Kf1 Kd3 43. a4 Kc4 44. a5 Rh1+ 45. Kg2 Ra1 46.
b4 Ra3 47. a6 Ra4 48. b5 Kc5 49. Rb7 Ra5 50. a7 Ra2+ 51. Kg3 Rxa7 52. Rxa7 Kxb5
53. Rg7 1-0

[Event "Chess24 Banter Blitz Cup"]
[Site "chess24.com INT"]
[Date "2019.11.21"]
[Round "1.9"]
[White "Theodorou, Nikolas"]
[Black "Bok, Benjamin"]
[Result "0-1"]
[WhiteTitle "IM"]
[BlackTitle "GM"]
[WhiteElo "2541"]
[BlackElo "2640"]
[WhiteFideId "4262875"]
[BlackFideId "1017063"]
[EventDate "2019.09.25"]
[EventType "blitz"]

1. d4 Nf6 2. Nf3 d5 3. Bg5 e6 4. Nbd2 Be7 5. c3 O-O 6. e3 Nbd7 7. Bd3 c5 8. h4
b6 9. h5 Bb7 10. g4 Ne4 11. Bxe7 Qxe7 12. g5 f5 13. gxf6 Qxf6 14. Qe2 e5 15.
Nxe4 dxe4 16. Bc4+ Kh8 17. Nh4 h6 18. Ng6+ Kh7 19. d5 Rfd8 20. Qg4 a6 21. Qxe4
b5 22. Nxe5+ Kg8 23. Ng4 Qd6 24. Bb3 c4 25. Bc2 Nf8 26. O-O-O Bxd5 27. Rxd5 Qxd5
28. Nf6+ gxf6 29. Rg1+ Kf7 30. Qf4 Qxh5 31. Bf5 Ra7 32. e4 Ne6 33. Qg3 Qg5+ 34.
f4 Qxg3 35. Rxg3 Nxf4 36. Rf3 Nd3+ 37. Kb1 Rg8 38. a4 Rg1+ 39. Ka2 b4 40. cxb4
Nxb4+ 41. Ka3 Nc2+ 0-1

[Event "Chess24 Banter Blitz Cup"]
[Site "chess24.com INT"]
[Date "2019.11.21"]
[Round "1.10"]
[White "Bok, Benjamin"]
[Black "Theodorou, Nikolas"]
[Result "1-0"]
[WhiteTitle "GM"]
[BlackTitle "IM"]
[WhiteElo "2640"]
[BlackElo "2541"]
[WhiteFideId "1017063"]
[BlackFideId "4262875"]
[EventDate "2019.09.25"]
[EventType "blitz"]

1. Nf3 Nf6 2. c4 g6 3. g3 Bg7 4. Bg2 O-O 5. O-O d6 6. Nc3 Nc6 7. d4 e5 8. dxe5
Nxe5 9. Nxe5 dxe5 10. Qxd8 Rxd8 11. Bg5 Rd7 12. Rfd1 c6 13. b3 h6 14. Be3 Rxd1+
15. Rxd1 Be6 16. h3 Bf8 17. g4 Kg7 18. f4 exf4 19. Bxf4 Bc5+ 20. Kh2 Nd7 21. Ne4
Be7 22. Nd6 Nc5 23. b4 Na6 24. b5 Nc5 25. bxc6 bxc6 26. Bxc6 Rd8 27. Ne8+ Kh7
28. Rxd8 Bxd8 29. Bd5 Na4 30. Be3 Nc3 31. Bxe6 fxe6 32. Bxa7 Nxa2 33. Kg2 Nb4
34. Bd4 Nc6 35. Bc3 Kg8 36. Nf6+ Kf7 37. Ne4 Be7 38. Kf3 e5 39. Nf2 Ke6 40. Nd3
Bf6 41. Ke4 Kd6 42. Bd2 h5 43. gxh5 gxh5 44. Bc3 Ke6 45. e3 Bg7 46. Bb2 Bf6 47.
Nc5+ Kd6 48. Ba3 Kc7 49. Nd3 Na5 50. Kd5 e4 51. Nf2 Bg5 52. Bc5 Nb3 53. Nxe4 Bh6
54. Bd6+ Kd8 55. Bf4 Bg7 56. c5 Nc1 57. c6 Nd3 58. c7+ Kd7 59. Nc5+ Nxc5 60.
Kxc5 Bf6 61. Kb6 Kc8 62. Kc6 h4 63. e4 Be5 64. Bg5 Bg3 65. Bd8 Bxc7 66. Bxh4 Be5
67. Bg5 Bg7 68. h4 Bd4 69. h5 Be3 70. Bxe3 Kd8 71. Kd6 Ke8 72. Ke6 Kf8 73. Kf6
Kg8 74. Kg6 Kf8 75. h6 Ke7 76. h7 Ke6 77. h8=Q Kd7 78. Qf6 Kc7 79. Bf4+ Kb7 80.
Qd6 Kc8 81. Qc7# 1-0

[Event "Chess24 Banter Blitz Cup"]
[Site "chess24.com INT"]
[Date "2019.11.21"]
[Round "1.11"]
[White "Theodorou, Nikolas"]
[Black "Bok, Benjamin"]
[Result "0-1"]
[WhiteTitle "IM"]
[BlackTitle "GM"]
[WhiteElo "2541"]
[BlackElo "2640"]
[WhiteFideId "4262875"]
[BlackFideId "1017063"]
[EventDate "2019.09.25"]
[EventType "blitz"]

1. e4 e5 2. Nf3 Nc6 3. Nc3 Nf6 4. Bb5 Bb4 5. O-O O-O 6. d3 Bxc3 7. bxc3 d6 8.
Bg5 h6 9. Bh4 a6 10. Ba4 Bd7 11. Bb3 Na5 12. Nd2 c5 13. Qe2 b5 14. f4 exf4 15.
Rxf4 g5 16. Rf2 gxh4 17. Raf1 Nh7 18. Bd5 Be6 19. Bxa8 Qxa8 20. Qh5 Qd8 21. Nf3
Kg7 22. a3 Nf6 23. Qxh4 Ng4 24. Qg3 Kh7 25. Re2 Nc6 26. h3 Nge5 27. Nh4 Rg8 28.
Qf4 Qg5 29. Qxg5 hxg5 30. Nf5 Bxf5 31. Rxf5 Kg6 32. Ref2 Rd8 33. Rf6+ Kg7 34.
R6f5 Kg6 35. Rf6+ Kg7 36. R6f5 g4 37. hxg4 a5 38. g5 b4 39. cxb4 axb4 40. axb4
cxb4 41. Rf6 Nd4 42. g6 fxg6 43. R6f4 Rd7 44. Rh4 Rc7 0-1

[Event "Chess24 Banter Blitz Cup"]
[Site "chess24.com INT"]
[Date "2019.11.20"]
[Round "1.1"]
[White "Duda, Jan-Krzysztof"]
[Black "Martinez Martin, David"]
[Result "1-0"]
[WhiteTitle "GM"]
[BlackTitle "IM"]
[WhiteElo "2734"]
[BlackElo "2388"]
[WhiteFideId "1170546"]
[BlackFideId "2209748"]
[EventDate "2019.09.25"]
[EventType "blitz"]

1. Nf3 d5 2. d4 Nf6 3. Bf4 c6 4. e3 e6 5. c4 Bd6 6. Bg3 Bxg3 7. hxg3 Nbd7 8. Nc3
dxc4 9. Bxc4 O-O 10. Qc2 b5 11. Bd3 g6 12. O-O-O Bb7 13. Ne4 Nxe4 14. Bxe4 Nf6
15. Ne5 Nxe4 16. Qxe4 Qc7 17. Qh4 f6 18. Nxg6 Rf7 19. Nf4 Re8 20. Nxe6 Qe7 21.
Nc5 Bc8 22. e4 a5 23. g4 Rg7 24. f3 b4 25. Qh6 Rg6 26. Qf4 Qf7 27. Kb1 a4 28.
Rh6 b3 29. a3 Kg7 30. Rdh1 Rh8 31. Nxa4 Qc4 32. Qc7+ Kf8 33. Qxc8+ Ke7 34. Rxh7+
Rxh7 35. Rxh7+ 1-0

[Event "Chess24 Banter Blitz Cup"]
[Site "chess24.com INT"]
[Date "2019.11.20"]
[Round "1.2"]
[White "Martinez Martin, David"]
[Black "Duda, Jan-Krzysztof"]
[Result "0-1"]
[WhiteTitle "IM"]
[BlackTitle "GM"]
[WhiteElo "2388"]
[BlackElo "2734"]
[WhiteFideId "2209748"]
[BlackFideId "1170546"]
[EventDate "2019.09.25"]
[EventType "blitz"]

1. d4 Nf6 2. c4 g6 3. Nc3 d5 4. cxd5 Nxd5 5. Bd2 Bg7 6. e4 Nxc3 7. Bxc3 c5 8. d5
Bxc3+ 9. bxc3 O-O 10. Nf3 e6 11. Bc4 exd5 12. Bxd5 Nd7 13. O-O Nb6 14. Qd2 Nxd5
15. exd5 Qf6 16. Rfe1 Bf5 17. Rad1 Rfe8 18. Rxe8+ Rxe8 19. d6 b6 20. h4 Bg4 21.
Qg5 Qxg5 22. hxg5 Rd8 23. Rd3 Bxf3 24. gxf3 f6 25. f4 Rd7 26. Kg2 Kf7 27. Kg3 f5
28. Kf3 Ke6 29. Re3+ Kxd6 30. Re8 Kd5 31. Ke3 Kc4 32. a4 Kxc3 33. a5 bxa5 34.
Rc8 c4 0-1

[Event "Chess24 Banter Blitz Cup"]
[Site "chess24.com INT"]
[Date "2019.11.20"]
[Round "1.3"]
[White "Duda, Jan-Krzysztof"]
[Black "Martinez Martin, David"]
[Result "1-0"]
[WhiteTitle "GM"]
[BlackTitle "IM"]
[WhiteElo "2734"]
[BlackElo "2388"]
[WhiteFideId "1170546"]
[BlackFideId "2209748"]
[EventDate "2019.09.25"]
[EventType "blitz"]

1. d4 Nf6 2. Nf3 b6 3. c4 Bb7 4. Nc3 g6 5. Qc2 Bg7 6. e4 d6 7. Be2 O-O 8. O-O c5
9. d5 e5 10. dxe6 fxe6 11. e5 dxe5 12. Nxe5 Nfd7 13. Bf3 Bxf3 14. Nxf3 Qc7 15.
Re1 Nc6 16. Rxe6 Rxf3 17. gxf3 Nd4 18. Qe4 Rf8 19. Re8 Nxf3+ 20. Kf1 Nd4 21. Bf4
Be5 22. Bxe5 Nxe5 23. Qxe5 1-0

[Event "Chess24 Banter Blitz Cup"]
[Site "chess24.com INT"]
[Date "2019.11.20"]
[Round "1.4"]
[White "Martinez Martin, David"]
[Black "Duda, Jan-Krzysztof"]
[Result "0-1"]
[WhiteTitle "IM"]
[BlackTitle "GM"]
[WhiteElo "2388"]
[BlackElo "2734"]
[WhiteFideId "2209748"]
[BlackFideId "1170546"]
[EventDate "2019.09.25"]
[EventType "blitz"]

1. d4 Nf6 2. c4 g6 3. Nc3 d5 4. cxd5 Nxd5 5. e4 Nxc3 6. bxc3 Bg7 7. Bc4 c5 8.
Ne2 O-O 9. O-O Nc6 10. Be3 Bg4 11. f3 Bd7 12. Rb1 Rc8 13. Bd3 b6 14. dxc5 bxc5
15. Bxc5 Qc7 16. Bf2 Rfd8 17. Qc2 Be6 18. Rfd1 Qa5 19. Bb5 Bxa2 20. Rxd8+ Nxd8
21. Rb2 Be6 22. Qd2 Nb7 23. Nd4 Qa1+ 24. Bf1 Bc4 25. Ne2 Nd6 26. Bd4 Bxd4+ 27.
cxd4 Bxe2 28. Qxe2 Nc4 29. Rc2 Qxd4+ 30. Kh1 Nd6 31. Rxc8+ Nxc8 32. Qc4 Qxc4 33.
Bxc4 Nb6 34. Kg1 a5 35. Kf2 Nxc4 36. Ke2 a4 37. Kd3 a3 38. Kc3 a2 39. Kxc4 a1=Q
40. Kd5 Qg1 41. Ke5 Qxh2+ 42. Kd5 Qxg2 43. e5 Qxf3+ 44. Kc5 Qf5 45. Kc4 Qe6+ 46.
Kd3 g5 47. Kd4 g4 48. Ke4 h5 49. Kf4 h4 0-1

[Event "Chess24 Banter Blitz Cup"]
[Site "chess24.com INT"]
[Date "2019.11.20"]
[Round "1.5"]
[White "Duda, Jan-Krzysztof"]
[Black "Martinez Martin, David"]
[Result "1-0"]
[WhiteTitle "GM"]
[BlackTitle "IM"]
[WhiteElo "2734"]
[BlackElo "2388"]
[WhiteFideId "1170546"]
[BlackFideId "2209748"]
[EventDate "2019.09.25"]
[EventType "blitz"]

1. e4 e6 2. d4 d5 3. Nc3 Nf6 4. e5 Nfd7 5. f4 c5 6. Nf3 Nc6 7. Be3 Be7 8. Qd2
O-O 9. dxc5 Nxc5 10. O-O-O Bd7 11. Kb1 Rc8 12. h4 a6 13. Bxc5 Bxc5 14. Bd3 h6
15. g4 Nb4 16. h5 Nxd3 17. Qxd3 Bb4 18. Ne2 Bb5 19. Qe3 Bxe2 20. Qxe2 Qb6 21.
Ka1 Rc4 22. Rd3 Rxf4 23. g5 hxg5 24. Nxg5 Qf2 25. Qd1 Rc8 26. Nh3 Qh4 27. Nxf4
Qxf4 28. Rd4 1-0